00471nam a2200169Ia 4500008004100000040001900041041001200060082002800072100001800100245005700118260002700175300001700202504001900219650002700238651001500265850002100280131103s9999 xx 000 0 und d aLoreto College aEnglish a370.15/RYBbLCLIB/12453 aRyburn, W. M. aIntroduction to educational psychologycW. M. Ryburn aCalcuttabO.U.P.c1965 a296p c 18cm aIncludes index aEducational Psychology aPsychology aLCLIB/370.15/RYB